ნორმალური ფორმატი
MARC ფორმატი
ჩანაწერი Personal Name
ჩანაწერთა რაოდენობა, რომელიც გამოყენებულია: 4
001 - CONTROL NUMBER
- control field: 8354
003 - CONTROL NUMBER IDENTIFIER
- control field: GE_BSU
005 - DATE AND TIME OF LATEST TRANSACTION
- control field: 20200611140834.0
008 - FIXED-LENGTH DATA ELEMENTS
- fixed length control field: 200611|| aca||aabn | a|a d
040 ## - CATALOGING SOURCE
- Original cataloging agency: GE_BSU
- Transcribing agency: GE_BSU
100 ## - HEADING--PERSONAL NAME
- Personal name: Kokilashvili, V. M.
- Fuller form of name: (Vakhtang Mikhaĭlovich)
670 ## - SOURCE DATA FOUND
- Source citation: Work cat.: (GE_BSU)0: Kokilashvili, V. M. (Vakhtang Mikhaĭlovich), Weighted norm inequalities for integral transforms with product kernals /, c2010.
